| 000 | 00786nam a2200229 u 4500 | ||
|---|---|---|---|
| 001 | 000027272 | ||
| 005 | 20240412074253.0 | ||
| 008 | 100804s2010 dr r 000 p spa d | ||
| 020 | _a9789945872903 | ||
| 040 |
_aDO-SdBNP _bspa _cBNPHU |
||
| 082 |
_aRD861.44 _bD542L |
||
| 100 | 1 |
_aDíaz, Héctor J., _d1910-1950 _954330 |
|
| 245 | 1 | 0 |
_aLo que quiero : _bantología poética / _cHéctor J. Díaz; prólogo William Mejía. |
| 260 |
_aSanto Domingo : _bDirección General de la Feria del Libro , _c2010. |
||
| 300 |
_a114 p. ; _c23 cm. |
||
| 504 | _aBibliografía : p. 113-114 | ||
| 590 | _aInventariado, 2018/BT | ||
| 650 | 0 |
_aPoesía dominicana _966 |
|
| 650 | 0 |
_aLiteratura dominicana. _967 |
|
| 700 | 1 | 2 |
_aMejía, William, _epról. _91538 |
| 910 | _aValidado. Control de calidad. MFF | ||
| 999 |
_c26764 _d26764 |
||